00614 a2200193 4500010001400000020002300014035001300037037001800050082001300068100001700081245012800098250001200226260004400238270004800282300003000330500001900360700002200379700001900401 aENG-86115 a8120332447c375.00 aEN-69648 bD.B.Act / Pub14a658.40121 aGupta, Vipin1 aBusiness policy and strategic management :cby Vipin Gupta, Kamala Gollakota and R. Srinivasanbconcepts and applications / a2nd ed. aNew DelhibPrentice Hall of Indiac2007 aM-97, Cannaught Circus,bNew Delhie110 001 axx, 571 p.c24 cm. (Pbk.) aIncludes index1 aGollakota, Kamala1 aSrinivasan, R.